इस्लामी मालूमात (Record no. 3203)

MARC details
000 -LEADER
fixed length control field 01033 a2200205 4500
005 - DATE AND TIME OF LATEST TRANSACTION
control field 2008091104074.0
008 - FIXED-LENGTH DATA ELEMENTS--GENERAL INFORMATION
fixed length control field 080911t xxu||||| |||| 00| 0 hin d
010 ## - LIBRARY OF CONGRESS CONTROL NUMBER
LC control number HIN-79651
020 ## - INTERNATIONAL STANDARD BOOK NUMBER
Terms of availability 50.00
International Standard Book Number 8183140505
035 ## - SYSTEM CONTROL NUMBER
System control number HN-51997
037 ## - SOURCE OF ACQUISITION
Source of stock number/acquisition D. B. Act. / pub
082 ## - DEWEY DECIMAL CLASSIFICATION NUMBER
Classification number 270
100 ## - MAIN ENTRY--PERSONAL NAME
Personal name रफीउल्लाह शहाब
245 ## - TITLE STATEMENT
Title इस्लामी मालूमात
Statement of responsibility, etc रफीउल्लाह शहाब
Remainder of title (विद्यार्थियों के लिए)
260 ## - PUBLICATION, DISTRIBUTION, ETC. (IMPRINT)
Place of publication, distribution, etc नई दिल्ली
Name of publisher, distributor, etc अल हसनात बुक्स
Date of publication, distribution, etc 2006
270 ## - ADDRESS
Address 2241-कूचा चेलान, दरियागंज
City नई दिल्ली
Postal code 110002
Telephone number 23271845
Fax number 41563256
Electronic mail address alhasanatbooks@rediffmail.com
300 ## - PHYSICAL DESCRIPTION
Extent 232पृ
Dimensions 19सेमी (अजिल्द)
942 ## - ADDED ENTRY ELEMENTS (KOHA)
Institution code [OBSOLETE] dpl
Koha item type Hindi Books
Call number prefix 270 / शहाब
Source of classification or shelving scheme Dewey Decimal Classification
Classification part 270
Call number suffix शहाब
Holdings
Withdrawn status Lost status Damaged status Not for loan Home library Current library Date acquired Cost, normal purchase price Total Checkouts Full call number Barcode Date last seen Copy number Uniform Resource Identifier Cost, replacement price Price effective from Koha item type
        D.B.Act.Division D.B.Act.Division 11/09/2008 50.00   270 शहाब HN-51997 15/09/2008 1 3409 50.00 15/09/2008 Hindi Books

© Delhi Public Library
Hit Counter
free hit counter